Pedological studies on the soils of South Port Said region (Record no. 15192)

MARC details
000 -LEADER
fixed length control field 01052cam a2200289Ia 45 0
001 - CONTROL NUMBER
control field u158919
003 - CONTROL NUMBER IDENTIFIER
control field SIRSI
008 - FIXED-LENGTH DATA ELEMENTS--GENERAL INFORMATION
fixed length control field 100222s2004 ua a b 000 0 eng d
040 ## - CATALOGING SOURCE
Original cataloging agency EAL
041 ## - LANGUAGE CODE
Language code of text/sound track or separate title eng
Language code of summary or abstract ara
043 ## - GEOGRAPHIC AREA CODE
Geographic area code f-ua
090 ## - LOCALLY ASSIGNED LC-TYPE CALL NUMBER (OCLC); LOCAL CALL NUMBER (RLIN)
Classification number (OCLC) (R) ; Classification number, CALL (RLIN) (NR) CD-1657
100 1# - MAIN ENTRY--PERSONAL NAME
Personal name Abd El-Hadi, Mahmoud Mohamed El-Bayoumi.
245 10 - TITLE STATEMENT
Title Pedological studies on the soils of South Port Said region
Medium [computer file]/
Statement of responsibility, etc. Mahmoud Mohamed El-Bayoumi Abd El-Hadi.
246 15 - VARYING FORM OF TITLE
Title proper/short title دراسة بيدولوجية على أراضي منطقة جنوب بورسعيد.
260 ## - PUBLICATION, DISTRIBUTION, ETC.
Date of publication, distribution, etc. 2004.
300 ## - PHYSICAL DESCRIPTION
Extent Computer laser optical disk ;
Dimensions 4 3/4in.
502 ## - DISSERTATION NOTE
Dissertation note Thesis (M.S.) -- Zagazig University, 2004.
504 ## - BIBLIOGRAPHY, ETC. NOTE
Bibliography, etc. note Includes bibliographical reference (leaves 171-192).
538 ## - SYSTEM DETAILS NOTE
System details note Systems requirements: Adobe Reader.
546 ## - LANGUAGE NOTE
Language note Summary in Arabic.
596 ## -
-- 1
650 #0 - SUBJECT ADDED ENTRY--TOPICAL TERM
Topical term or geographic name entry element Soils
General subdivision Analysis.
650 #0 - SUBJECT ADDED ENTRY--TOPICAL TERM
Topical term or geographic name entry element Soil science
Geographic subdivision Port Said (Egypt).
856 40 - ELECTRONIC LOCATION AND ACCESS
Uniform Resource Identifier <a href="http://nile.enal.sci.eg/thesis/1657.pdf">http://nile.enal.sci.eg/thesis/1657.pdf</a>
Public note Content & Abstract.
942 ## - ADDED ENTRY ELEMENTS (KOHA)
Koha item type E-Thesis
Source of classification or shelving scheme Library of Congress Classification
Holdings
Withdrawn status Lost status Source of classification or shelving scheme Damaged status Not for loan Home library Current library Date acquired Total Checkouts Full call number Barcode Date last seen Copy number Price effective from Koha item type
    Library of Congress Classification     Main Main 02/19/2018   CD-1657 CD001657 02/19/2018 1 02/19/2018 E-Thesis

Home | About ENAL | Collections | Services | Activities | Calendar | Contact us

7 Nadi El Sayed St., Giza, Egypt | Phone:02-33351121 +02-33351313 | 
| Email: enalegypt@gmail.com